000 00550pam a2200193 a 4500
020 _a8180619265
_c295.00
041 _aeng
_hNULL
082 _a616
_bMAL
100 _aMALHOTRA, N. MALHOTRA J.
245 _aSTEP BY STEP HOSPITAL DESIGNING AND PLANING (WITH CD) /
_cNULL.
_hTextual Documents
260 _aNULL :
_bJAYPEE BROTHERS MEDICAL PUB. ,
_c2006.
300 _a166 : :
_bXIX ;
_cA4 . +
_ePB.
365 _a295.00
_e1
700 _aMALHOTRA, J .
907 _a4977
930 _a1988
999 _c796524
_d796524
650 _aGEN.MEDICINE